| 000 | 01031nas a2200325 4500 | ||
|---|---|---|---|
| 001 | BR2017000298 | ||
| 003 | BR-BrBNA | ||
| 005 | 20231205130827.0 | ||
| 007 | ta | ||
| 008 | 230509b bl.|||p| |||| 00| 00por d | ||
| 040 |
_aBR-BrBNA _bpor _cBiblioteca Nacional de Agricultura |
||
| 041 | _a(Pt) | ||
| 072 | _aK10; J11 | ||
| 100 | 1 | _aJeromini, T.S. | |
| 100 | 1 | _aScalon, S. de P.Q. | |
| 100 | 1 | _aPerreira, S.T.S. | |
| 100 | 1 | _aFachinelli, R. | |
| 100 | 1 | _aScalon Filho, H. | |
| 245 | 1 | _aArmazenamento de sementes e sombreamento na emergência e crescimento inicial das mudas de Magonia pubescens A. St.-Hil. | |
| 650 | _aTIMBÓ | ||
| 650 | _aMUDA | ||
| 650 | _aSEMENTE | ||
| 650 | _aCRESCIMENTO | ||
| 650 | _aGERMINAÇÃO | ||
| 650 | _aARMAZENAMENTO | ||
| 773 | 0 |
_tRevista Árvore (Brazil) _xISSN 1806-9088 _g(Jul-Aug 2015), v. 39(4) p. 683-690 _wBR2017000298 |
|
| 856 | 4 | 0 | _uhttp://www.scielo.br/pdf/rarv/v39n4/0100-6762-rarv-39-04-0683.pdf |
| 909 |
_a202311 _bLúcia _c55 _dLúcia Elande |
||
| 942 |
_2AGRIS _n0 _cANA |
||
| 999 |
_c251495 _d251495 |
||